Normal view
MARC view
- Lt General B. M. Kaul
Entry Personal Name
001 - CONTROL NUMBER
- control field: 46452
003 - CONTROL NUMBER IDENTIFIER
- control field: NUST
005 - DATE AND TIME OF LATEST TRANSACTION
- control field: 20210314133528.0
008 - FIXED-LENGTH DATA ELEMENTS
- fixed length control field: 210314|| aca||aabn | a|a d
040 ## - CATALOGING SOURCE
- Original cataloging agency: NUST
- Transcribing agency: NUST
100 ## - HEADING--PERSONAL NAME
- Personal name: Lt General B. M. Kaul
670 ## - SOURCE DATA FOUND
- Source citation: Work cat.: (NUST): Lt General B. M. Kaul, The Untold Story
